000 00537nam a2200181Ia 4500
003 GCL
008 140319s9999 xx 000 0 ara d
040 _aGCL /
_cGCL
082 0 4 _a953.07
_bع ا
100 1 _aعبدالعاطى محمد الورفلى
245 1 0 _aاوراق اندلسية /
_cعبدالعاطى محمد الورفلى
300 _a337 ص
490 _a
650 0 4 _aالاندلس
650 0 4 _aالاسلام - تاريخ
650 0 4 _aالاثار الاسلامية فى الاندلس
942 _2ddc
_cBK
999 _c38936
_d38936